Las nuevas tecnologías de información y las mujeres: reflexiones necesarias (Versión preliminar) /
Na minha lista:
| Autor principal: | |
|---|---|
| Formato: | Texto |
| Assuntos: | |
| Tags: |
Adicionar Tag
Sem tags, seja o primeiro a adicionar uma tag!
|
MARC
| LEADER | 00000 a a2200000 04500 | ||
|---|---|---|---|
| 001 | 43869 | ||
| 003 | |||
| 040 | |||
| 100 | |a Bonder, Gloria | ||
| 245 | |a Las nuevas tecnologías de información y las mujeres: |b reflexiones necesarias (Versión preliminar) / |c Gloria Bonder | ||
| 650 | |a TECNOLOGIA DE LA INFORMACION | ||
| 650 | |a MUJERES | ||
| 650 | |a AMERICA LATINA | ||
| 773 | |g número1 ( 2001), 41 Páginas | ||
| 999 | |c 20221 |d 20221 | ||
